000 01607nam a2200289Ia 4500
999 _c34774
_d34774
001 584
003 GE_BSU
005 20220531115801.0
008 181216s2010||||ge |||||||||||||| ||geo||
020 _a9789941131158
040 _cGE_BSU
041 _ageo
080 _a39(=35.1)(075.8) თ-77
100 _aთოფჩიშვილი, როლანდ
_94620
245 _aთეორიული ეთნოლოგია :
_bსახელმძღვ. უნ-ტის ჰუმანიტ. ფაკ-ტის სტუდ. /
_cროლანდ თოფჩიშვილი, ქეთევან ხუციშვილი, როზეტა გუჯეჯიანი ; [სამეცნ. რედ.: ნინო მინდაძე, ინგა ღუტიძე] ; თსუ.
264 _aთბილისი :
_b თბილ. უნ-ტის გამ-ბა,
_c2010.
300 _a468გვ. :
_bცხრ., დიაგრ. ;
_c24 სმ.
501 _aდანართები: გვ. 451-466 ეთნოლ. ტერმინთა ლექსიკონი: გვ. 412-448..
541 _h20ლ.
653 _aეთნოლოგია
700 _aხუციშვილი, ქეთევან
_eავტორი
_95752
700 _aგუჯეჯიანი, როზეტა
_eავტორი
_95617
700 _aმინდაძე, ნინო
_eრედაქტორი
_91906
700 _aღუტიძე, ინგა
_eრედაქტორი
_913891
710 _aთსუ
_913892
942 _cBK
_2udc